000 00482nam a2200229Ia 4500
003 IT-RoPAU
008 120407s9999 xx 000 0 und d
040 _aIT-RoPAU
040 _cIT-RoPAU
041 _aita
100 _aDenis Wallon
245 _aIl bambino da 0 a 3 anni. 4a ed.
250 _aRoma
260 _aEdizioni Paoline
260 _c1979
300 _a267 p.
300 _c18 cm
490 _aLa famiglia
490 _v156
942 _cBK
999 _c30942
_d30942